MARC details
| 000 -CABECERA |
| campo de control de longitud fija |
01195nam a2200301 i 4500 |
| 003 - IDENTIFICADOR DEL NÚMERO DE CONTROL |
| campo de control |
DO-SdBNP |
| 005 - FECHA Y HORA DE LA ÚLTIMA TRANSACCIÓN |
| campo de control |
20250606133154.0 |
| 007 - CAMPO FIJO DE DESCRIPCIÓN FÍSICA--INFORMACIÓN GENERAL |
| campo de control de longitud fija |
ta |
| 008 - DATOS DE LONGITUD FIJA--INFORMACIÓN GENERAL |
| campo de control de longitud fija |
250606b2010 dr ac||| |||| 00| 0 spa d |
| 020 ## - NÚMERO INTERNACIONAL ESTÁNDAR DEL LIBRO |
| Número Internacional Estándar del Libro |
9789945468014 |
| 040 ## - FUENTE DE LA CATALOGACIÓN |
| Centro catalogador/agencia de origen |
DO-SdBNP |
| Lengua de catalogación |
spa |
| Centro/agencia transcriptor |
BNPHU |
| Normas de descripción |
rda |
| 082 #4 - NÚMERO DE LA CLASIFICACIÓN DECIMAL DEWEY |
| Número de clasificación |
xxx |
| Número de documento/Ítem |
xxx |
| Número de edición |
22 |
| 245 00 - MENCIÓN DE TÍTULO |
| Título |
Trascendencia y esplendor / |
| Mención de responsabilidad, etc. |
Julio César Valentín Jiminián, Eugenio Pérez Montás, Abil Peralta Aguero, Danilo de los Santos, Marianne de Tolentino ; correcciones, Milagros Germán R. |
| 264 #1 - PRODUCCIÓN, PUBLICACIÓN, DISTRIBUCIÓN, FABRICACIÓN Y COPYRIGHT |
| Producción, publicación, distribución, fabricación y copyright |
Santo Domingo : |
| Nombre del de productor, editor, distribuidor, fabricante |
Editora Alfa & Omega, |
| Fecha de producción, publicación, distribución, fabricación o copyright |
2010. |
| 300 ## - DESCRIPCIÓN FÍSICA |
| Extensión |
400 páginas : |
| Otras características físicas |
ilustraciones y retratos ; |
| Dimensiones |
30 cm. |
| 336 ## - TIPO DE CONTENIDO |
| Término de tipo de contenido |
texto |
| Código de tipo de contenido |
txt |
| Fuente |
rdacontent |
| 337 ## - TIPO DE MEDIO |
| Nombre/término del tipo de medio |
sin mediación |
| Código del tipo de medio |
n |
| Fuente |
rdamedia |
| 338 ## - TIPO DE SOPORTE |
| Nombre/término del tipo de soporte |
volumen |
| Código del tipo de soporte |
nc |
| Fuente |
rdacarrier |
| 590 ## - NOTA LOCAL (RLIN) |
| Nota local |
Inventariado, 2025/BT |
| 700 1# - PUNTO DE ACCESO ADICIONAL--NOMBRE DE PERSONA |
| Nombre de persona |
Valentín Jiminián, Julio César, |
| Término indicativo de función/relación |
autor |
| Código de función/relación |
aut. |
| 9 (RLIN) |
88016 |
| 700 1# - PUNTO DE ACCESO ADICIONAL--NOMBRE DE PERSONA |
| Nombre de persona |
Pérez Montás, Eugenio, |
| Término indicativo de función/relación |
autor |
| Código de función/relación |
aut. |
| 9 (RLIN) |
13156 |
| 700 1# - PUNTO DE ACCESO ADICIONAL--NOMBRE DE PERSONA |
| Nombre de persona |
Peralta Aguero, Abil, |
| Término indicativo de función/relación |
autor |
| Código de función/relación |
aut. |
| 9 (RLIN) |
26618 |
| 700 1# - PUNTO DE ACCESO ADICIONAL--NOMBRE DE PERSONA |
| Nombre de persona |
Santos, Danilo, de los, |
| Término indicativo de función/relación |
autor |
| Código de función/relación |
aut. |
| 9 (RLIN) |
85530 |
| 700 1# - PUNTO DE ACCESO ADICIONAL--NOMBRE DE PERSONA |
| Nombre de persona |
Tolentino, Marianne de, |
| Término indicativo de función/relación |
autor |
| Código de función/relación |
aut. |
| 9 (RLIN) |
15222 |
| 700 1# - PUNTO DE ACCESO ADICIONAL--NOMBRE DE PERSONA |
| Nombre de persona |
Germán R, Milagros, |
| Término indicativo de función/relación |
coordinador |
| Código de función/relación |
corr. |
| 9 (RLIN) |
82526 |
| 910 ## - DATOS DE OPCIÓN DEL USUARIO (OCLC) |
| Datos de opción del usuario |
Btavárez |
| 942 ## - ELEMENTOS DE PUNTO DE ACCESO ADICIONAL (KOHA) |
| Fuente del sistema de clasificación o colocación |
Dewey Decimal Classification |
| Tipo de ítem Koha |
Libro |